000 00621nam a2200229Ia 4500
005 20260320202004.0
008 008 262003s9999 xx 000 0 eng d
037 _aEBOOK
040 _aCRL
040 _beng
040 _cCRL
041 _2eng
041 _aeng
084 _qCRL
100 _aKosarevsky
_91135872
245 0 _aVulkan 3D Graphics Rendering Cookbook: Implement expert-level techniques for high-performance graphics with Vulkan
260 _bIEEE
856 _uhttps://ieeexplore.ieee.org/servlet/opac?bknumber=11297108
942 _cEBOOK
999 _c1724679
_d1724679